[Event "WC-2017-P-00006"]
[Site "LSS email"]
[Date "2017.01.23"]
[Round "?"]
[White "Khanas, Valeriy"]
[Black "Smaga, Aleksandr"]
[Result "1/2-1/2"]
[WhiteElo "2329"]
[BlackElo "2018"]
[PlyCount "79"]
[EventDate "2017.02.01"]
[EventType "tourn (corr)"]
[EventRounds "12"]
[EventCountry "GER"]
[SourceTitle "Corr 2022"]
[Source "ChessBase"]
[SourceDate "2021.10.24"]
[SourceVersion "1"]
[SourceVersionDate "2021.10.24"]
[SourceQuality "1"]

1. e4 e5 2. Nf3 Nc6 3. Bb5 a6 4. Ba4 Nf6 5. 0-0 Be7 6. Re1 b5 7. Bb3 0-0 8. c3 d6 9. h3 Bb7 10. d4 Re8 11. Nbd2 Bf8 12. a3 h6 13. Bc2 d5 14. Nxe5 Nxe5 15. dxe5 Nxe4 16. Qg4 Rxe5 17. Nxe4 dxe4 18. Bxh6 c5 19. a4 f5 20. Qg3 Rd5 21. Bf4 Qf6 22. Bg5 Qf7 23. Red1 Bc6 24. Rxd5 Bxd5 25. Rd1 Qe6 26. Rd2 Ra7 27. Be3 Bd6 28. Bf4 Be7 29. Be5 Bf8 30. Qf4 Rd7 31. h4 Bc6 32. Rxd7 Qxd7 33. f3 Qe6 34. axb5 axb5 35. h5 Be7 36. Qg3 Bf6 37. Bxf6 Qxf6 38. Qb8+ Kf7 39. fxe4 fxe4 40. Qc7+ 1/2-1/2

[Event "WC-2017-P-00006"]
[Site "LSS email"]
[Date "2017.01.23"]
[Round "?"]
[White "Smaga, Aleksandr"]
[Black "Szabo, Mihaly"]
[Result "1/2-1/2"]
[WhiteElo "2018"]
[BlackElo "2389"]
[PlyCount "97"]
[EventDate "2017.02.01"]
[EventType "tourn (corr)"]
[EventRounds "12"]
[EventCountry "GER"]
[SourceTitle "Corr 2022"]
[Source "ChessBase"]
[SourceDate "2021.10.24"]
[SourceVersion "1"]
[SourceVersionDate "2021.10.24"]
[SourceQuality "1"]

1. d4 Nf6 2. c4 e6 3. Nc3 Bb4 4. e3 0-0 5. Bd3 d5 6. a3 Bxc3+ 7. bxc3 Nc6 8. Nf3 Na5 9. Ne5 Nd7 10. Nxd7 Qxd7 11. cxd5 exd5 12. 0-0 b6 13. a4 Bb7 14. Ba3 Rfe8 15. Bb4 Nc4 16. a5 Bc6 17. Bxc4 dxc4 18. Re1 f5 19. f3 Re6 20. Re2 Rae8 21. Qd2 Bd5 22. Rae1 Qf7 23. h3 Qg6 24. Kh2 b5 25. Qc2 Qg5 26. Bc5 a6 27. Ba3 g6 28. Qb1 Kg7 29. Qb4 Qd8 30. Kg1 h6 31. Bc1 g5 32. Qb2 Qf6 33. Rf1 Qg6 34. Qb1 Rf6 35. Bd2 Rf7 36. Qe1 Kg8 37. Rff2 Re6 38. Bc1 Kh7 39. Bd2 Re8 40. Bc1 c6 41. Qf1 h5 42. e4 fxe4 43. fxe4 Rxf2 44. Qxf2 Rxe4 45. Rxe4 Bxe4 46. Bxg5 b4 47. cxb4 c3 48. Qe3 c2 49. Qf4 1/2-1/2

[Event "CP-2016-P-00009"]
[Site "LSS email"]
[Date "2016.09.27"]
[Round "?"]
[White "Smaga, Aleksandr"]
[Black "Silkin, Alexey"]
[Result "1/2-1/2"]
[WhiteElo "1997"]
[BlackElo "2195"]
[PlyCount "93"]
[EventDate "2016.10.01"]
[EventType "tourn (corr)"]
[EventRounds "6"]
[EventCountry "GER"]
[SourceTitle "Corr 2022"]
[Source "ChessBase"]
[SourceDate "2021.10.24"]
[SourceVersion "1"]
[SourceVersionDate "2021.10.24"]
[SourceQuality "1"]

1. d4 Nf6 2. c4 g6 3. Nc3 d5 4. cxd5 Nxd5 5. e4 Nxc3 6. bxc3 Bg7 7. Bc4 c5 8. Ne2 Nc6 9. Be3 0-0 10. 0-0 cxd4 11. cxd4 Na5 12. Bb5 a6 13. Bd3 Nc6 14. e5 Be6 15. a4 Rc8 16. Rb1 Na5 17. Nf4 Bc4 18. h4 Qd7 19. Qf3 Rfd8 20. Bxc4 Rxc4 21. e6 Qe8 22. Rfc1 Rxa4 23. d5 Qf8 24. Bb6 Re8 25. Bxa5 Rxa5 26. d6 exd6 27. exf7+ Qxf7 28. Rxb7 Qf5 29. Rcc7 Be5 30. g3 Rb5 31. Ra7 Reb8 32. Kg2 Bd4 33. g4 Qf8 34. Rxa6 Be5 35. Raa7 Bxf4 36. Rxh7 Be5 37. Raf7 Rc5 38. Rxf8+ Rxf8 39. Qb7 Bd4 40. Rc7 Rxf2+ 41. Kg3 Rf8 42. Rxc5 dxc5 43. g5 Bf2+ 44. Kg4 Rf7 45. Qe4 Kg7 46. Qe5+ Kg8 47. h5 1/2-1/2

[Event "RB-2016-0-00317"]
[Site "LSS email"]
[Date "2016.06.24"]
[Round "?"]
[White "Smaga, Aleksandr"]
[Black "Koronowski, Heinz Juergen"]
[Result "1/2-1/2"]
[WhiteElo "1826"]
[BlackElo "1996"]
[PlyCount "51"]
[EventDate "2016.04.01"]
[EventType "tourn (corr)"]
[EventRounds "6"]
[EventCountry "GER"]
[SourceTitle "Corr 2022"]
[Source "ChessBase"]
[SourceDate "2021.10.24"]
[SourceVersion "1"]
[SourceVersionDate "2021.10.24"]
[SourceQuality "1"]

1. d4 Nf6 2. c4 g6 3. Nc3 d5 4. cxd5 Nxd5 5. e3 Bg7 6. Bc4 Nb6 7. Bb3 0-0 8. Nf3 c5 9. 0-0 cxd4 10. Nxd4 Bd7 11. Qe2 Nc6 12. Nxc6 Bxc6 13. Rd1 Qc7 14. e4 e6 15. Be3 Rfd8 16. Rxd8+ Rxd8 17. Rc1 Qe7 18. f3 Rd7 19. Qf2 h5 20. g3 Qd8 21. Kg2 Bf6 22. h4 Bd4 23. Bxd4 Rxd4 24. Rd1 Rxd1 25. Bxd1 Qd3 26. Be2 1/2-1/2

[Event "RB-2016-0-00317"]
[Site "LSS email"]
[Date "2016.06.23"]
[Round "?"]
[White "Obukhov, Gennady Nikolaevich"]
[Black "Smaga, Aleksandr"]
[Result "0-1"]
[WhiteElo "1899"]
[BlackElo "1826"]
[PlyCount "90"]
[EventDate "2016.04.01"]
[EventType "tourn (corr)"]
[EventRounds "6"]
[EventCountry "GER"]
[SourceTitle "Corr 2022"]
[Source "ChessBase"]
[SourceDate "2021.10.24"]
[SourceVersion "1"]
[SourceVersionDate "2021.10.24"]
[SourceQuality "1"]

1. e4 e5 2. Nf3 Nf6 3. Nc3 Nc6 4. Nxe5 Nxe5 5. d4 Ng6 6. e5 Ng8 7. Bc4 d5 8. Bxd5 N8e7 9. Bg5 c6 10. Bb3 h6 11. Be3 Bf5 12. Qf3 Nh4 13. Qg3 Neg6 14. 0-0-0 Bb4 15. d5 0-0 16. dxc6 Qa5 17. Ne2 bxc6 18. Nd4 Bd7 19. e6 fxe6 20. Qh3 Kh7 21. c3 Bxc3 22. bxc3 Bc8 23. Bc2 Qa3+ 24. Kb1 e5 25. Qxh4 exd4 26. Bxg6+ Kxg6 27. Qg3+ Kh7 28. Bc1 Qxc3 29. Qxc3 dxc3 30. Kc2 Rxf2+ 31. Kxc3 Rxa2 32. Rd2 Ra1 33. Rd8 Rb8 34. h3 Rbb1 35. Rxc8 Rxc1+ 36. Rxc1 Rxc1+ 37. Kd2 Rg1 38. g4 Rh1 39. Rxc6 Rxh3 40. Ke2 a5 41. Ra6 Ra3 42. Kd2 a4 43. Kc2 Ra1 44. Kb2 Rg1 45. Rxa4 Kg6 0-1

[Event "RC-2016-0-00185"]
[Site "LSS email"]
[Date "2016.03.17"]
[Round "?"]
[White "Smaga, Aleksandr"]
[Black "Malmstrom, Jan"]
[Result "1/2-1/2"]
[WhiteElo "1702"]
[BlackElo "1858"]
[PlyCount "75"]
[EventDate "2016.01.19"]
[EventType "tourn (corr)"]
[EventRounds "6"]
[EventCountry "GER"]
[SourceTitle "Corr 2022"]
[Source "ChessBase"]
[SourceDate "2021.10.24"]
[SourceVersion "1"]
[SourceVersionDate "2021.10.24"]
[SourceQuality "1"]

1. d4 Nf6 2. c4 e5 3. dxe5 Ng4 4. Bf4 Nc6 5. Nf3 Bb4+ 6. Nc3 Bxc3+ 7. bxc3 Qe7 8. Qd5 f6 9. exf6 Nxf6 10. Qd3 d6 11. g3 Ne5 12. Nxe5 dxe5 13. Bg5 Be6 14. Bg2 c6 15. Bxf6 Qxf6 16. 0-0 0-0 17. c5 Rad8 18. Qe3 Qf7 19. a4 Bf5 20. a5 a6 21. Ra4 Rfe8 22. Be4 h6 23. Rb1 Re7 24. Rb2 Qe6 25. Bxf5 Qxf5 26. Kg2 e4 27. Rab4 Rdd7 28. Rd4 Kh7 29. Rbb4 Rxd4 30. cxd4 g5 31. Rb1 Kg6 32. h4 g4 33. Qb3 Rf7 34. Rf1 Qd7 35. e3 Qf5 36. Qc2 Qf3+ 37. Kg1 Qf5 38. Rb1 1/2-1/2

[Event "OP-2016-0-03984"]
[Site "LSS email"]
[Date "2016.03.13"]
[Round "?"]
[White "Smaga, Aleksandr"]
[Black "Johanson, Frans"]
[Result "1-0"]
[WhiteElo "1792"]
[BlackElo "1938"]
[PlyCount "119"]
[EventDate "2016.03.07"]
[EventType "tourn (corr)"]
[EventRounds "4"]
[EventCountry "GER"]
[SourceTitle "Corr 2022"]
[Source "ChessBase"]
[SourceDate "2021.10.24"]
[SourceVersion "1"]
[SourceVersionDate "2021.10.24"]
[SourceQuality "1"]

1. d4 Nf6 2. c4 g6 3. Nc3 Bg7 4. e4 d6 5. Nf3 0-0 6. h3 e5 7. d5 a5 8. Bd3 Na6 9. 0-0 Nc5 10. Bc2 b6 11. Rb1 Bd7 12. b3 c6 13. dxc6 Bxc6 14. Re1 Qc7 15. Bg5 h6 16. Bd2 Qb7 17. Qe2 Qc7 18. Rbc1 Rac8 19. Nd5 Qd8 20. a3 Bb7 21. b4 axb4 22. axb4 Ne6 23. Ba4 Ra8 24. Qd1 Nf4 25. Be3 N4xd5 26. exd5 Qc7 27. Nd2 Kh7 28. Nb1 Ne4 29. Bc2 Nf6 30. Bb3 Ne4 31. Qc2 f5 32. f3 Nf6 33. Nc3 Rfb8 34. f4 Nh5 35. fxe5 Bxe5 36. Nb5 Qd7 37. Rcd1 Rc8 38. Qd3 Bg3 39. Bf2 Bxf2+ 40. Kxf2 Re8 41. Qc3 Ba6 42. Nd4 Nf6 43. Bc2 Qg7 44. Kg1 Nh5 45. b5 Bb7 46. Qd2 Qf6 47. Ne6 Qh4 48. Nc7 Rxe1+ 49. Qxe1 Qxc4 50. Nxa8 Bxa8 51. Bd3 Qxd5 52. Bf1 Qc5+ 53. Qf2 Qxf2+ 54. Kxf2 Nf6 55. Ra1 Bb7 56. Ra7 Ne4+ 57. Ke3 Nc5 58. Bc4 Kh8 59. Kd4 Bxg2 60. Ra6 1-0

[Event "RD-2016-0-00126"]
[Site "LSS email"]
[Date "2016.02.02"]
[Round "?"]
[White "Richter, Klaus"]
[Black "Smaga, Aleksandr"]
[Result "0-1"]
[WhiteElo "1712"]
[BlackElo "1863"]
[PlyCount "90"]
[EventDate "2015.10.24"]
[EventType "tourn (corr)"]
[EventRounds "6"]
[EventCountry "GER"]
[SourceTitle "Corr 2022"]
[Source "ChessBase"]
[SourceDate "2021.10.24"]
[SourceVersion "1"]
[SourceVersionDate "2021.10.24"]
[SourceQuality "1"]

1. d4 d5 2. e4 dxe4 3. Nc3 Nf6 4. f3 exf3 5. Nxf3 e6 6. Bg5 Be7 7. Bd3 Nc6 8. 0-0 Nxd4 9. Kh1 h6 10. Bf4 Nc6 11. Qe2 Bd6 12. Ne5 Bd7 13. Rad1 Qe7 14. Nxd7 Nxd7 15. Be4 0-0 16. Bxc6 bxc6 17. Be3 Nb6 18. Bf2 f5 19. a4 Rab8 20. Qa6 Qe8 21. b3 Nd5 22. Nxd5 cxd5 23. Qxa7 f4 24. Bg1 Qc6 25. Qf2 e5 26. Qe2 e4 27. Bd4 Rf7 28. a5 Qa8 29. Ra1 c5 30. Bg1 e3 31. Qg4 Re8 32. Qe2 Ra7 33. a6 Rb8 34. Ra5 Qc6 35. Qf3 Rb6 36. Rfa1 Be5 37. R1a3 Bc3 38. R5a4 d4 39. Qe2 Qb5 40. Rc4 Rbxa6 41. Rxa6 Qxa6 42. Qg4 Re7 43. Qe2 Bb4 44. h3 g5 45. h4 gxh4 0-1

[Event "RC-2016-0-00181"]
[Site "LSS email"]
[Date "2016.01.20"]
[Round "?"]
[White "Smaga, Aleksandr"]
[Black "Brayman, Neal Zvi"]
[Result "1-0"]
[WhiteElo "1863"]
[BlackElo "1872"]
[PlyCount "85"]
[EventDate "2015.09.03"]
[EventType "tourn (corr)"]
[EventRounds "6"]
[EventCountry "GER"]
[SourceTitle "Corr 2022"]
[Source "ChessBase"]
[SourceDate "2021.10.24"]
[SourceVersion "1"]
[SourceVersionDate "2021.10.24"]
[SourceQuality "1"]

1. d4 e6 2. c4 f5 3. g3 Nf6 4. Bg2 d5 5. Nf3 c6 6. Bf4 Nbd7 7. Nbd2 Be7 8. h4 0-0 9. Ng5 Nb8 10. Qc2 Na6 11. 0-0 Nb4 12. Qb3 dxc4 13. Nxc4 Nbd5 14. Bd2 h6 15. Nf3 Ne4 16. Rac1 Nxd2 17. Nfxd2 Bf6 18. e3 a5 19. Nf3 a4 20. Qd1 Bd7 21. Nfe5 Be8 22. Nd3 Qe7 23. a3 Bf7 24. Qe2 Rfd8 25. Rfd1 Qc7 26. Nce5 Nb6 27. Nc5 Bxe5 28. dxe5 Rxd1+ 29. Rxd1 Qxe5 30. Nxb7 Nd5 31. Rd2 Qc7 32. Nc5 e5 33. e4 fxe4 34. Qxe4 Nb6 35. Qc2 Kh8 36. Re2 Ra5 37. Nd3 Bc4 38. Qc3 Ra8 39. Re3 Bxd3 40. Rxd3 Rc8 41. Qc5 Nd5 42. Qc2 Qb7 43. Rd2 1-0

[Event "RC-2016-0-00181"]
[Site "LSS email"]
[Date "2016.01.15"]
[Round "?"]
[White "Sirotkin, Evgenji"]
[Black "Smaga, Aleksandr"]
[Result "1/2-1/2"]
[WhiteElo "1725"]
[BlackElo "1863"]
[PlyCount "52"]
[EventDate "2015.09.03"]
[EventType "tourn (corr)"]
[EventRounds "6"]
[EventCountry "GER"]
[SourceTitle "Corr 2022"]
[Source "ChessBase"]
[SourceDate "2021.10.24"]
[SourceVersion "1"]
[SourceVersionDate "2021.10.24"]
[SourceQuality "1"]

1. e4 e5 2. Nf3 Nf6 3. Nxe5 d6 4. Nf3 Nxe4 5. d4 d5 6. Bd3 Nc6 7. Nbd2 Nxd2 8. Bxd2 Bd6 9. 0-0 0-0 10. c3 Bg4 11. Re1 Qf6 12. Bg5 Qxg5 13. Nxg5 Bxd1 14. Raxd1 g6 15. g3 Kg7 16. f4 Ne7 17. Nf3 Ng8 18. Rd2 Nf6 19. Rde2 c6 20. a4 a5 21. Ne5 Rfe8 22. Kf2 Re7 23. Nf3 Rae8 24. Rxe7 Ng4+ 25. Kg1 Rxe7 26. Rxe7 Bxe7 1/2-1/2

[Event "OP-2016-0-03925"]
[Site "LSS email"]
[Date "2016.01.13"]
[Round "?"]
[White "Jacon, Marcel"]
[Black "Smaga, Aleksandr"]
[Result "1/2-1/2"]
[WhiteElo "1829"]
[BlackElo "1863"]
[PlyCount "105"]
[EventDate "2016.01.07"]
[EventType "tourn (corr)"]
[EventRounds "4"]
[EventCountry "GER"]
[SourceTitle "Corr 2022"]
[Source "ChessBase"]
[SourceDate "2021.10.24"]
[SourceVersion "1"]
[SourceVersionDate "2021.10.24"]
[SourceQuality "1"]

1. e4 e5 2. Nf3 Nf6 3. Nxe5 d6 4. Nf3 Nxe4 5. d4 d5 6. Bd3 Be7 7. 0-0 Nc6 8. c4 Nb4 9. Be2 0-0 10. a3 Nc6 11. Nc3 Nxc3 12. bxc3 Bf5 13. Re1 Re8 14. Bf4 dxc4 15. Bxc4 Bd6 16. Rxe8+ Qxe8 17. Bxd6 cxd6 18. Ng5 Bg6 19. h4 Qe7 20. g3 h6 21. Nh3 Na5 22. Bd5 Bf5 23. Nf4 Re8 24. Qd2 b6 25. Ng2 Be6 26. Re1 Qd7 27. Qe2 Kf8 28. Qf3 Bxd5 29. Rxe8+ Kxe8 30. Qxd5 Qc6 31. Qxc6+ Nxc6 32. Ne3 Ne7 33. Kf1 Kd7 34. Ke2 Ke6 35. Kd3 d5 36. c4 dxc4+ 37. Kxc4 a6 38. h5 Kd6 39. a4 g6 40. g4 gxh5 41. gxh5 f5 42. f4 Nd5 43. Nxf5+ Kc6 44. Nxh6 b5+ 45. Kb3 bxa4+ 46. Kxa4 Nxf4 47. Ka5 Nxh5 48. Kxa6 Kd5 49. Kb6 Kxd4 50. Kc6 Ke4 51. Kc5 Ng3 52. Ng8 Ke5 53. Nh6 1/2-1/2

[Event "RC-2016-0-00181"]
[Site "LSS email"]
[Date "2016.01.12"]
[Round "?"]
[White "Smaga, Aleksandr"]
[Black "Van Leent, Dimitri"]
[Result "1/2-1/2"]
[WhiteElo "1863"]
[BlackElo "1720"]
[PlyCount "125"]
[EventDate "2015.09.03"]
[EventType "tourn (corr)"]
[EventRounds "6"]
[EventCountry "GER"]
[SourceTitle "Corr 2022"]
[Source "ChessBase"]
[SourceDate "2021.10.24"]
[SourceVersion "1"]
[SourceVersionDate "2021.10.24"]
[SourceQuality "1"]

1. d4 f5 2. Bg5 h6 3. Bd2 Nf6 4. e3 d6 5. Bd3 Nc6 6. c4 e5 7. Ne2 Be7 8. Nbc3 0-0 9. a3 Qe8 10. 0-0 Bd8 11. f3 Ne7 12. c5 Be6 13. b4 Ned5 14. Qc2 Nxc3 15. Nxc3 Qd7 16. Ne2 Re8 17. e4 fxe4 18. fxe4 dxc5 19. d5 Bf7 20. bxc5 c6 21. Nc3 Ba5 22. d6 b6 23. Nb1 Bxd2 24. Nxd2 bxc5 25. Nc4 Kh8 26. Rad1 Rad8 27. h3 Qc8 28. Be2 Qb7 29. Kh2 Bg6 30. Qc3 Kh7 31. Na5 Qd7 32. Qc4 h5 33. Bf3 Rb8 34. Qxc5 Rb6 35. Nc4 Rb5 36. Qe3 Qe6 37. Rc1 Rb7 38. Rfd1 Rd8 39. Rd2 Rdb8 40. Rd3 Rd7 41. Qc5 Bxe4 42. Bxe4+ Nxe4 43. Qe3 Nf6 44. Qxe5 Re8 45. Qc5 Qf7 46. Ne5 Ng4+ 47. Nxg4 hxg4 48. Rf1 Qg6 49. hxg4 Qe4 50. Rh3+ Kg8 51. Kh1 Rf7 52. Rxf7 Kxf7 53. Qxa7+ Kg6 54. d7 Qe1+ 55. Qg1 Qxg1+ 56. Kxg1 Re1+ 57. Kf2 Rd1 58. Rc3 Rxd7 59. Rxc6+ Kg5 60. Rc4 Rd2+ 61. Ke3 Rxg2 62. a4 Rg3+ 63. Kd2 1/2-1/2

[Event "SC-2014-0-00231"]
[Site "LSS email"]
[Date "2014.07.06"]
[Round "?"]
[White "Smaga, Aleksandr"]
[Black "Schulz, Hans Juergen"]
[Result "0-1"]
[WhiteElo "1473"]
[BlackElo "1650"]
[PlyCount "36"]
[EventDate "2014.06.06"]
[EventType "tourn (corr)"]
[EventRounds "6"]
[EventCountry "GER"]
[SourceTitle "Corr 2015"]
[Source "ChessBase"]
[SourceDate "2015.07.17"]
[SourceVersion "1"]
[SourceVersionDate "2015.07.17"]
[SourceQuality "1"]

1. d4 Nf6 2. c4 e6 3. Nf3 b6 4. a3 Bb7 5. Nc3 d5 6. Bg5 Be7 7. cxd5 exd5 8. e3 0-0 9. Bd3 Ne4 10. Bf4 c5 11. Qc2 f5 12. dxc5 bxc5 13. Rd1 g5 14. Be5 Qc8 15. h4 g4 16. Ng5 Nxc3 17. Bxc3 h6 18. f3 c4 0-1

[Event "SD-2014-0-00194"]
[Site "LSS email"]
[Date "2014.06.16"]
[Round "?"]
[White "Smaga, Aleksandr"]
[Black "Goreczny, Grzegorz"]
[Result "0-1"]
[WhiteElo "1473"]
[BlackElo "1836"]
[PlyCount "46"]
[EventDate "2014.03.25"]
[EventType "tourn (corr)"]
[EventRounds "6"]
[EventCountry "GER"]
[SourceTitle "Corr 2015"]
[Source "ChessBase"]
[SourceDate "2015.07.17"]
[SourceVersion "1"]
[SourceVersionDate "2015.07.17"]
[SourceQuality "1"]

1. d4 d5 2. c4 e6 3. Nc3 Nf6 4. Nf3 Be7 5. Qc2 0-0 6. Bf4 c5 7. dxc5 Nbd7 8. e3 Nxc5 9. Be2 dxc4 10. Bxc4 a6 11. a4 Qa5 12. 0-0 b6 13. Rab1 Ncd7 14. Rfd1 Bb7 15. Ng5 Rad8 16. Bxe6 fxe6 17. Nxe6 Rc8 18. Nxf8 Bxf8 19. Rd4 Qc5 20. Rbd1 Qc6 21. f3 Qe6 22. Qd2 Ne5 23. Rd8 Nf7 0-1

[Event "SD-2014-0-00194"]
[Site "LSS email"]
[Date "2014.06.14"]
[Round "?"]
[White "Demidov, Lazar"]
[Black "Smaga, Aleksandr"]
[Result "1-0"]
[WhiteElo "1699"]
[BlackElo "1473"]
[PlyCount "25"]
[EventDate "2014.03.25"]
[EventType "tourn (corr)"]
[EventRounds "6"]
[EventCountry "GER"]
[SourceTitle "Corr 2015"]
[Source "ChessBase"]
[SourceDate "2015.07.17"]
[SourceVersion "1"]
[SourceVersionDate "2015.07.17"]
[SourceQuality "1"]

1. e4 e5 2. Nf3 Nf6 3. Nxe5 d6 4. Nf3 Nxe4 5. d4 d5 6. Bd3 Bd6 7. 0-0 0-0 8. c4 c6 9. Re1 Bf5 10. Qc2 Bg6 11. c5 Bc7 12. Nc3 Na6 13. a3 1-0

[Event "RD-2014-0-00103"]
[Site "LSS email"]
[Date "2014.05.13"]
[Round "?"]
[White "Sandocal, Uzmir"]
[Black "Smaga, Aleksandr"]
[Result "0-1"]
[WhiteElo "1652"]
[BlackElo "1473"]
[PlyCount "72"]
[EventDate "2014.02.19"]
[EventType "tourn (corr)"]
[EventRounds "6"]
[EventCountry "GER"]
[SourceTitle "Corr 2015"]
[Source "ChessBase"]
[SourceDate "2015.07.17"]
[SourceVersion "1"]
[SourceVersionDate "2015.07.17"]
[SourceQuality "1"]

1. b3 d5 2. e3 e5 3. Bb2 Nc6 4. Bb5 Bd6 5. Nf3 f6 6. c4 a6 7. Bxc6+ bxc6 8. d4 e4 9. Nfd2 f5 10. c5 Be7 11. Nc3 a5 12. Ne2 Bg5 13. 0-0 Nf6 14. Re1 0-0 15. Nf1 h5 16. a4 h4 17. Nf4 Qe8 18. Bc1 Bh6 19. Ra2 g5 20. Nh3 Kh7 21. Kh1 Qh5 22. f4 exf3 23. gxf3 Rg8 24. Rg2 Ba6 25. Nf2 g4 26. f4 Qe8 27. Qc2 Qe6 28. Bd2 Rg6 29. Qb1 g3 30. hxg3 Bxf1 31. Rxf1 hxg3 32. Nd3 Bg7 33. Ne5 Rh6+ 34. Kg1 Rh8 35. Rxg3 Ne4 36. Nf3 Nxg3 0-1

[Event "RD-2014-0-00102"]
[Site "LSS email"]
[Date "2014.04.29"]
[Round "?"]
[White "Correa de Almeida, Claudio"]
[Black "Smaga, Aleksandr"]
[Result "1/2-1/2"]
[WhiteElo "1491"]
[BlackElo "1473"]
[PlyCount "52"]
[EventDate "2014.02.01"]
[EventType "tourn (corr)"]
[EventRounds "6"]
[EventCountry "GER"]
[SourceTitle "Telechess CBM 167"]
[Source "ChessBase"]
[SourceDate "2015.07.13"]
[SourceVersion "1"]
[SourceVersionDate "2015.07.13"]
[SourceQuality "1"]

1. Nc3 e5 2. Nf3 Nc6 3. d4 exd4 4. Nxd4 Nf6 5. e4 Bb4 6. Nxc6 bxc6 7. Bd3 0-0 8. 0-0 d5 9. exd5 cxd5 10. Bg5 c6 11. Qf3 Re8 12. Rfe1 Be6 13. Qg3 Be7 14. Ne2 h6 15. Bxh6 Ng4 16. Be3 Bh4 17. Qf4 Nxe3 18. Qxe3 Bf5 19. Qc5 Bd7 20. c3 Be7 21. Qd4 Bf6 22. Qa4 Rb8 23. Qxa7 Rxb2 24. Nd4 g6 25. Rab1 Rxe1+ 26. Rxe1 Rb8 1/2-1/2